[Event "Bad Bertrich Seniors op 17th"]
[Site "Bad Bertrich"]
[Date "2009.12.09"]
[Round "6"]
[White "Schemmel, Hans Ulrich"]
[Black "Reinke, Kurt"]
[Result "0-1"]
[WhiteElo "1650"]
[BlackElo "1813"]
[PlyCount "86"]
[EventDate "2009.12.04"]
[EventType "swiss"]
[EventRounds "9"]
[EventCountry "GER"]
[SourceTitle "EXT 2022"]
[Source "ChessBase"]
[SourceDate "2021.10.06"]
[SourceVersion "1"]
[SourceVersionDate "2021.10.06"]
[SourceQuality "1"]

1. e4 d6 2. d4 Nf6 3. Nd2 g6 4. Ngf3 Bg7 5. Bd3 0-0 6. 0-0 Nc6 7. c4 Nb4 8. Be2 c5 9. d5 Ng4 10. a3 Na6 11. Ng5 Nf6 12. f4 h6 13. Ngf3 Qb6 14. Rb1 Ng4 15. Nb3 Bd7 16. Na1 Nf6 17. Bd3 Rac8 18. Nc2 Ng4 19. h3 Nf6 20. Be3 Qd8 21. b4 b6 22. Qd2 b5 23. cxb5 c4 24. bxa6 cxd3 25. Qxd3 Nh5 26. b5 Rc3 27. Qd2 Ng3 28. e5 Ne4 29. Qd4 Bf5 30. Rfc1 Ng3 31. Qd2 dxe5 32. Kh2 Rd3 33. Qe1 exf4 34. Bxf4 Nh5 35. Be5 f6 36. Bd4 Qd6+ 37. Kg1 Nf4 38. Ne3 Be4 39. Bxa7 Nxh3+ 40. Kf1 Bxf3 41. gxf3 Qh2 42. Rc2 Qg1+ 43. Ke2 Nf4# 0-1

[Event "Bad Bertrich Seniors op 17th"]
[Site "Bad Bertrich"]
[Date "2009.12.04"]
[Round "1"]
[White "Schemmel, Hans Ulrich"]
[Black "Dahlhaus, Friedhelm"]
[Result "0-1"]
[WhiteElo "1650"]
[BlackElo "1993"]
[PlyCount "48"]
[EventDate "2009.12.04"]
[EventType "swiss"]
[EventRounds "9"]
[EventCountry "GER"]
[SourceTitle "EXT 2022"]
[Source "ChessBase"]
[SourceDate "2021.10.06"]
[SourceVersion "1"]
[SourceVersionDate "2021.10.06"]
[SourceQuality "1"]

1. e4 e5 2. Nf3 Nc6 3. Nc3 Nf6 4. Bc4 Bc5 5. 0-0 d6 6. h3 Be6 7. Bb3 Qd7 8. d3 h6 9. Bxe6 Qxe6 10. Na4 Bb6 11. Nxb6 axb6 12. Be3 Rxa2 13. b3 Rxa1 14. Qxa1 0-0 15. Nh4 d5 16. exd5 Nxd5 17. c4 Ndb4 18. Rd1 Rd8 19. Qc3 g5 20. Nf3 e4 21. Nd4 Nxd4 22. Bxd4 Nxd3 23. Bf6 Rd6 24. Bh8 f6 0-1

[Event "Bad Ems Seniors 2nd"]
[Site "Bad Ems"]
[Date "2005.02.17"]
[Round "7"]
[White "Schemmel, Hans Ulrich"]
[Black "Polifka, Wilfried"]
[Result "1-0"]
[WhiteElo "1725"]
[BlackElo "1667"]
[PlyCount "79"]
[EventDate "2005.02.12"]
[EventType "swiss"]
[EventRounds "9"]
[EventCountry "GER"]
[SourceTitle "EXT 2006"]
[Source "ChessBase"]
[SourceDate "2005.11.24"]
[SourceVersion "1"]
[SourceVersionDate "2005.11.24"]
[SourceQuality "1"]

1. e4 b6 2. Nf3 Bb7 3. Nc3 e6 4. d4 Bb4 5. Bd2 Bxc3 6. Bxc3 Bxe4 7. Bc4 d5 8. Bd3 Nf6 9. Bb4 c6 10. 0-0 Qc7 11. Ne5 c5 12. Bb5+ Nbd7 13. Nxd7 Nxd7 14. Bxd7+ Kxd7 15. Ba3 c4 16. Qg4 Kc6 17. Rac1 h5 18. Qh3 g5 19. f3 Bf5 20. Qg3 Qd7 21. Qxg5 Rag8 22. Qe7 h4 23. b3 Rg7 24. Rf2 Bh3 25. Rd1 Bf5 26. bxc4 h3 27. cxd5+ exd5 28. Qf6+ Be6 29. Qxg7 Qc8 30. c4 Kb7 31. cxd5 Bxd5 32. Rc1 Qd8 33. Rfc2 Be6 34. g3 Rh5 35. Rc7+ Ka6 36. Bb2 Qd5 37. R1c3 b5 38. R3c6+ Ka5 39. Rxa7+ Kb4 40. Qf8+ 1-0

[Event "Bad Ems Seniors 2nd"]
[Site "Bad Ems"]
[Date "2005.02.12"]
[Round "1"]
[White "Schemmel, Hans Ulrich"]
[Black "Bakhmatov, Eduard"]
[Result "0-1"]
[WhiteElo "1725"]
[BlackElo "2280"]
[PlyCount "80"]
[EventDate "2005.02.12"]
[EventType "swiss"]
[EventRounds "9"]
[EventCountry "GER"]
[SourceTitle "EXT 2006"]
[Source "ChessBase"]
[SourceDate "2005.11.24"]
[SourceVersion "1"]
[SourceVersionDate "2005.11.24"]
[SourceQuality "1"]

1. e4 g6 2. Nf3 Bg7 3. d4 d6 4. c4 Nf6 5. Nc3 0-0 6. Be2 Nbd7 7. Be3 e5 8. d5 Ng4 9. 0-0 Nxe3 10. fxe3 Bh6 11. Qd2 Nf6 12. h3 Nh5 13. Kh2 Ng7 14. Bd3 f5 15. exf5 gxf5 16. Bc2 Kh8 17. Ne2 Bd7 18. Rf2 Qe7 19. Raf1 Rae8 20. Qc3 e4 21. Nfd4 Qe5+ 22. Nf4 Nh5 23. g3 Nxf4 24. gxf4 Qf6 25. Ne2 Bg7 26. Qxf6 Bxf6 27. b3 Rg8 28. Rg1 Rxg1 29. Kxg1 b5 30. Kg2 bxc4 31. bxc4 Rb8 32. Nc1 a5 33. Nb3 Bc3 34. Kf1 a4 35. Nc1 Rb4 36. Bd1 Rb1 37. Rc2 Bb2 38. Ke2 Bxc1 39. c5 Bb5+ 40. Ke1 Bxe3 0-1